| 000 -CABECERA |
| Longitud fija campo de control |
01886cam a2200325 a 4500 |
| 001 - NÚMERO DE CONTROL |
| Número de control |
991013259199706706 |
| 003 - IDENTIFICADOR DEL NÚMERO DE CONTROL |
| Identificador del número de control |
OSt |
| 005 - FECHA Y HORA DE LA ÚLTIMA TRANSACCIÓN |
| Fecha y hora de la última transacción |
20211227142049.0 |
| 008 - CÓDIGOS DE INFORMACIÓN DE LONGITUD FIJA |
| Códigos de información de longitud fija |
091230s2009 spc|||||s|||| 100 0|mul|c |
| 020 ## - NÚMERO INTERNACIONAL NORMALIZADO PARA LIBROS |
| Número Internacional Normalizado para Libros (ISBN) |
9788493695927 |
| 035 ## - NÚMERO DE CONTROL DEL SISTEMA |
| Número de control del sistema |
(ES-BaCBU).b43284450 |
| 035 ## - NÚMERO DE CONTROL DEL SISTEMA |
| Número de control del sistema |
(OCoLC)804491862 |
| 040 ## - FUENTE DE LA CATALOGACIÓN |
| Centro catalogador de origen |
ES-BaCBU |
| Lengua de catalogación |
cat |
| Centro transcriptor |
CDMR |
| 041 0# - CÓDIGO DE LENGUA |
| Código de lengua del texto/banda sonora o título independiente |
spa |
| -- |
cat |
| -- |
eng |
| 080 ## - NÚMERO DE LA CLASIFICACIÓN DECIMAL UNIVERSAL |
| Número de la Clasificación Decimal Universal |
301 |
| 111 2# - PUNTO DE ACCESO PRINCIPAL-NOMBRE DE CONGRESO |
| Nombre de congreso o jurisdicción como elemento de entrada |
Congrés Internacional Comunicació i Realitat |
| Número del congreso o número de parte o sección de la obra |
(5è : |
| Fecha del congreso |
2009 : |
| Sede del congreso |
Barcelona) |
| 245 13 - MENCIÓN DE TÍTULO |
| Título |
La Metamorfosi de l’espai mediàtic |
| Medio |
[Recurs electrònic]: |
| Resto del título |
V Congrés Internacional Comunicació i realitat = La metamorfosis del espacio mediático : V Congreso Internacional Comunicación y realidad = Metamorphosis of the media space : International Congress Communication and reality / |
| Mención de responsabilidad, etc. |
Alfons Medina, Josep Rom, Francesc Canosa (eds.) |
| 260 ## - PUBLICACIÓN, DISTRIBUCIÓN, ETC. (PIE DE IMPRENTA) |
| Lugar de publicación, distribución, etc. |
[Barcelona] : |
| Nombre del editor, distribuidor, etc. |
Facultat de Comunicació Blanquerna, |
| Fecha de publicación, distribución, etc. |
[2009] |
| 300 ## - DESCRIPCIÓN FÍSICA |
| Extensión |
1 disc òptic (CD-ROM) (678, 542 p.) |
| 520 ## - NOTA DE SUMARIO |
| Fuente del t&ecute;rmino (R ) |
Comunicacions presentades al congrés en format PDF. Inclou 2 volums amb els següents apartats: 1. Metamorfosi de l’espai mediàtic: mitjans de comunicació i democràcia. 2. Generació digital: oportunitats i riscos dels públics, La transformació dels usos comunicatius. 3. La hibridació de la informació. 4. Metamorfosi dels formats en l’àmbit publicitari. 5. La multiplicitat de pantalles: dels mitjans als continguts |
| 546 ## - NOTA DE LENGUA |
| Nota de lengua |
Text en català, castellà i anglès |
| 650 #4 - PUNTO DE ACCESO ADICIONAL DE MATERIA - TÉRMINO DE MATERIA |
| Término de materia o nombre geográfico como elemento inicial |
Comunicació |
| Subdivisión de materia general |
Congressos |
| Subdivisión geográfica |
Catalunya |
| 650 #0 - PUNTO DE ACCESO ADICIONAL DE MATERIA - TÉRMINO DE MATERIA |
| Término de materia o nombre geográfico como elemento inicial |
Periodisme |
| Subdivisión de materia general |
Congressos |
| 9 (RLIN) |
3778 |
| Subdivisión geográfica |
Catalunya |
| 650 04 - PUNTO DE ACCESO ADICIONAL DE MATERIA - TÉRMINO DE MATERIA |
| Término de materia o nombre geográfico como elemento inicial |
Mitjans de comunicació de massa |
| Subdivisión de materia general |
Innovacions tecnològiques |
| Subdivisión de forma |
Congressos |
| Subdivisión geográfica |
Catalunya |
| 710 2# - PUNTO DE ACCESO ADICIONAL - NOMBRE DE ENTIDAD |
| Nombre de entidad o nombre de jurisdicción como elemento inicial |
Facultat de Ciències de la Comunicació Blanquerna |
| 907 ## - ELEMENTO G DATOS LOCALES, GDL (RLIN) |
| a |
.b43284450 |
| b |
01-03-21 |
| c |
30-12-09 |
| d |
30-12-09 |
| e |
m |
| f |
a |
| g |
- |
| h |
mul |
| i |
spc |
| j |
0 |
| k |
0 |
| 908 ## - CONTROL DE PARÁMETROS (RLIN) |
| Parametro de comando lanzado |
UAB |
| -- |
URV |
| -- |
URL |
| 940 ## - |
| T&íacute;tulo uniforme |
<a href="UAB">UAB</a> |
| 942 ## - ENTRADA DE ELEMENTOS AGREGADOS (KOHA) |
| Fuente de clasificaión o esquema |
|
| Koha [por defecto] tipo de item |
Materials audiovisuals |